| 000 | 00691nam a22001935i 4500 | ||
|---|---|---|---|
| 001 | 161149 | ||
| 003 | ES-MaACL | ||
| 005 | 20250718063334.0 | ||
| 008 | 950206m18831884sp |||| | spa d | ||
| 040 |
_aCARM _bspa _cCCPB | PA2 |
||
| 100 | 1 |
_aOssorio y Bernard, Manuel, _d1839-1904 _9137729 |
|
| 245 | 1 | 0 |
_aGaleria biográfica de artistas españoles del siglo XIX / _cpor M. Ossorio y Bernard. |
| 260 |
_aMadrid : _b[s.n.], _c1883-1884 ( _fImprenta de Moreno y Rojas) |
||
| 300 |
_aVIII, 749 p. ; _c28 cm. |
||
| 597 | _aTexto fileteado. | ||
| 650 | 4 |
_aArtistas- _zEspaña- _yS.XIX- _vBiografías. _9135630 |
|
| 852 | 4 |
_aES-MaACL _jG-12908 _z-- Enc. hol. |
|
| 999 |
_c161149 _d161149 |
||